000 00703nam a2200289Ia 4500
005 20260324120408.0
008 008 260324s9999 xx 000 0 eng d
020 _a9780203380864
037 _aEBOOK
040 _aCRL
040 _beng
040 _cCRL
041 _2eng
041 _aeng
084 _qCRL
100 _aCharles R. Venator-Santiago
_91158395
245 0 _aPuerto Rico and the Origins of U.S. Global Empire
245 4 _bThe Disembodied Shade
260 _bTaylor and Francis
260 _c2015
365 _a
365 _b230
856 _uhttp://www.taylorfrancis.com/books/9780203380864
942 _cEBOOK
999 _c1749913
_d1749913